[Event "GER-chT Betriebe"]
[White "Bruening, Martin"]
[Black "Eppich, Arefried"]
[Site "Berlin"]
[Round "6.2"]
[Result "1/2-1/2"]
[Date "2006.10.07"]
[WhiteElo "1571"]
[BlackElo "1650"]
[PlyCount "90"]
[EventDate "2006.10.05"]
[EventType "team-tourn"]
[EventRounds "7"]
[EventCountry "GER"]
[SourceTitle "EXT 2020"]
[Source "ChessBase"]
[SourceDate "2019.10.17"]
[SourceVersion "1"]
[SourceVersionDate "2019.10.17"]
[SourceQuality "1"]
[WhiteTeam "Bremen Airbus"]
[BlackTeam "Berlin Volksbank"]
[WhiteTeamCountry "GER"]
[BlackTeamCountry "GER"]

1. d4 Nf6 2. c4 e6 3. Nc3 Bb4 4. a3 Bxc3+ 5. bxc3 h6 6. Nf3 d6 7. Qc2 Nc6 8. e4 e5 9. d5 Ne7 10. h3 0-0 11. Bd3 Nd7 12. Be3 b6 13. 0-0 Nc5 14. Nd2 Nxd3 15. Qxd3 f5 16. f3 fxe4 17. fxe4 Ng6 18. Rxf8+ Qxf8 19. Rf1 Qe7 20. Qe2 Bd7 21. Qh5 Be8 22. Qg4 Qd7 23. Qxd7 Bxd7 24. Rf2 Rf8 25. Rxf8+ Kxf8 26. Kf2 Ke7 27. Kf3 Nh4+ 28. Kg3 g5 29. Bf2 Ng6 30. Be3 Ba4 31. Kg4 Bd1+ 32. Kg3 Kf6 33. Kf2 Nf4 34. Bxf4 exf4 35. g3 fxg3+ 36. Kxg3 Ke5 37. h4 g4 38. Kf2 Bc2 39. Ke3 h5 40. Nf1 Bxe4 41. Ng3 Bg6 42. Ne2 Be8 43. Ng3 Bg6 44. Ne2 Be8 45. Ng3 Bg6 1/2-1/2

[Event "GER-chT Betriebe"]
[White "Pilhoefer, Alexander"]
[Black "Eppich, Arefried"]
[Site "Berlin"]
[Round "5.1"]
[Result "1-0"]
[Date "2006.10.07"]
[WhiteElo "2104"]
[BlackElo "1650"]
[PlyCount "89"]
[EventDate "2006.10.05"]
[EventType "team-tourn"]
[EventRounds "7"]
[EventCountry "GER"]
[SourceTitle "EXT 2020"]
[Source "ChessBase"]
[SourceDate "2019.10.17"]
[SourceVersion "1"]
[SourceVersionDate "2019.10.17"]
[SourceQuality "1"]
[WhiteTeam "Augsburg Osram"]
[BlackTeam "Berlin Volksbank"]
[WhiteTeamCountry "GER"]
[BlackTeamCountry "GER"]

1. e4 e5 2. f4 Bc5 3. Nf3 d6 4. c3 Qe7 5. Bc4 Nc6 6. d3 Nf6 7. Qe2 Bg4 8. b4 Bb6 9. a4 a6 10. b5 axb5 11. Bxb5 0-0 12. Bxc6 bxc6 13. Nbd2 Ba5 14. fxe5 Bxf3 15. gxf3 Qxe5 16. d4 Qh5 17. Ra3 Qh4+ 18. Qf2 Qxf2+ 19. Kxf2 Nd7 20. Nc4 Nb6 21. Ne3 Nd7 22. Rg1 Kh8 23. h4 c5 24. d5 Bb6 25. c4 Ne5 26. f4 Nd7 27. Bb2 f6 28. h5 Rae8 29. a5 Ba7 30. Kf3 Nb8 31. Nf5 Rf7 32. Nxg7 Rg8 33. h6 Na6 34. Ke2 Nb4 35. Rag3 Nc2 36. Nf5 Rxg3 37. Rxg3 Nd4+ 38. Nxd4 cxd4 39. Kd3 c5 40. dxc6 Rc7 41. Bxd4 Bxd4 42. Kxd4 Rxc6 43. Kd5 Ra6 44. Rb3 Rxa5+ 45. Ke6 1-0